| 000 | 00647nam a2200265 a 4500 | ||
|---|---|---|---|
| 003 | AR-BaBNM | ||
| 005 | 20251128202742.0 | ||
| 008 | 082120s2002 ||||||||||||||000 | spa|| | ||
| 040 | _cAR-BaBNM | ||
| 100 | 1 | _aLarsson, Marten J. | |
| 245 | 0 | 0 | _aIsrael, una nación en marcha |
| 250 | _a1ª ed. | ||
| 260 |
_aBarcelona _bDux _c1954 |
||
| 300 |
_a148 p. _bmapas, il., láms. |
||
| 650 | 4 | _aGEOGRAFIA FISICA | |
| 650 | 4 | _aURBANIZACION | |
| 650 | 4 | _aSOCIEDAD | |
| 650 | 4 | _aECONOMIA | |
| 650 | 4 | _aRELIGION | |
| 650 | 4 | _aJUDAISMO | |
| 700 | 1 |
_aGehlin, Jan _etraductor |
|
| 700 | 1 |
_aRipoll, M. _eilustrador |
|
| 942 | _cBK | ||
| 998 | _cmariana | ||
| 999 |
_c408 _d408 |
||